Best country for each category - Statistics

General Stats
  • This quiz has been taken 60 times
    39 since last reset
  • The average score is 6 of 15
Answer Stats
Hint Answer % Correct
Largest ever empire United Kingdom
86%
Starting with Y Yemen
74%
Northernmost point of land Denmark
57%
Lowest population density Mongolia
57%
First alphabetically Afghanistan
51%
Most proven oil reserves Venezuela
40%
Most tea consumption per capita Turkey
37%
Biggest wheat production China
34%
Most beef consumption per capita Argentina
29%
Hardest to spell Kyrgyzstan
29%
Most percentage of green in its flag Saudi Arabia
26%
Oldest average age Monaco
20%
Most corrupt South Sudan
14%
Most christians % outside of Europe Timor-Leste
14%
Most economic growth Guyana
6%
No matching quizzes found
Score Distribution
Percent of People with Each Score
Percentile by Number Answered
Your Score History
You have not taken this quiz since the last reset